BSOP header

The Creative child and adult quarterly. (Record no. 43013)

MARC details
000 -LEADER
fixed length control field 02065cai a2200553 4500
001 - CONTROL NUMBER
control field 11233322
005 - DATE AND TIME OF LATEST TRANSACTION
control field 20180904080215.0
008 - FIXED-LENGTH DATA ELEMENTS--GENERAL INFORMATION
fixed length control field 180904b ||||| |||| 00| 0 eng d
010 ## - LIBRARY OF CONGRESS CONTROL NUMBER
LC control number 79649725
Canceled/invalid LC control number sc 79003805
016 7# - NATIONAL BIBLIOGRAPHIC AGENCY CONTROL NUMBER
Record control number 9877307
Source DNLM
016 7# - NATIONAL BIBLIOGRAPHIC AGENCY CONTROL NUMBER
Record control number C51940000
Source DNLM
016 7# - NATIONAL BIBLIOGRAPHIC AGENCY CONTROL NUMBER
Record control number 764957-5
Source DE-600
022 0# - INTERNATIONAL STANDARD SERIAL NUMBER
International Standard Serial Number 0884-4291
Incorrect ISSN 0098-7565
Source 1
035 ## - SYSTEM CONTROL NUMBER
System control number (OCoLC)ocm04316797
037 ## - SOURCE OF ACQUISITION
Source of stock number/acquisition NACCA, 8080 Springvalley Dr., Cincinnati, OH 45236
040 ## - CATALOGING SOURCE
Original cataloging agency COO
Language of cataloging eng
Transcribing agency COO
Modifying agency NSD
-- DLC
-- NSD
-- OCL
-- NST
-- AIP
-- NST
-- NSD
-- NST
-- AGL
-- NST
-- NSD
-- DLC
-- NSD
-- NST
-- NSD
-- AGL
-- SYS
-- NLM
-- OCLCQ
-- LVB
-- WAU
-- OCLCQ
-- DEBBG
-- OCLCF
-- IUL
-- KLH
-- OCLCO
-- OCLCQ
-- OCLCO
042 ## - AUTHENTICATION CODE
Authentication code pcc
-- nsdp
050 00 - LIBRARY OF CONGRESS CALL NUMBER
Classification number LB1062
Item number .C68
070 0# - NATIONAL AGRICULTURAL LIBRARY CALL NUMBER
Classification number LB1062.C74
072 #0 - SUBJECT CATEGORY CODE
Subject category code X800
082 #4 - DEWEY DECIMAL CLASSIFICATION NUMBER
Classification number 370.11/8/05
210 1# - ABBREVIATED TITLE
Abbreviated title Creat. child adult q.
222 #4 - KEY TITLE
Key title The Creative child and adult quarterly
245 04 - TITLE STATEMENT
Title The Creative child and adult quarterly.
246 18 - VARYING FORM OF TITLE
Title proper/short title Creative child & adult quarterly
Date or sequential designation 1976-<autumn 1978>
260 ## - PUBLICATION, DISTRIBUTION, ETC. (IMPRINT)
Place of publication, distribution, etc [Cincinnati,
Name of publisher, distributor, etc National Association for Creative Children and Adults]
300 ## - PHYSICAL DESCRIPTION
Extent 16 v.
Other physical details ill.
Dimensions 23 cm.
310 ## - CURRENT PUBLICATION FREQUENCY
Current publication frequency Quarterly
362 0# - DATES OF PUBLICATION AND/OR SEQUENTIAL DESIGNATION
Dates of publication and/or sequential designation v. 1- spring 1976-
362 1# - DATES OF PUBLICATION AND/OR SEQUENTIAL DESIGNATION
Dates of publication and/or sequential designation Ceased with vol. 16 (winter 1991).
530 ## - ADDITIONAL PHYSICAL FORM AVAILABLE NOTE
Additional physical form available note Issued on microfiche by University Microfilms International.
590 ## - LOCAL NOTE (RLIN)
Local note SERBIB/SERLOC merged record
650 #0 - SUBJECT ADDED ENTRY--TOPICAL TERM
Topical term or geographic name as entry element Creative thinking
Form subdivision Periodicals.
650 #0 - SUBJECT ADDED ENTRY--TOPICAL TERM
Topical term or geographic name as entry element Arts
Form subdivision Periodicals.
650 #6 - SUBJECT ADDED ENTRY--TOPICAL TERM
Topical term or geographic name as entry element Créativité (Éducation)
Form subdivision Périodiques.
650 #6 - SUBJECT ADDED ENTRY--TOPICAL TERM
Topical term or geographic name as entry element Arts
Form subdivision Périodiques.
650 07 - SUBJECT ADDED ENTRY--TOPICAL TERM
Topical term or geographic name as entry element Kreativität.
Source of heading or term swd
650 07 - SUBJECT ADDED ENTRY--TOPICAL TERM
Topical term or geographic name as entry element Kreativitätserziehung.
Source of heading or term swd
650 07 - SUBJECT ADDED ENTRY--TOPICAL TERM
Topical term or geographic name as entry element Zeitschrift.
Source of heading or term swd
650 #7 - SUBJECT ADDED ENTRY--TOPICAL TERM
Topical term or geographic name as entry element Arts.
Source of heading or term fast
650 #7 - SUBJECT ADDED ENTRY--TOPICAL TERM
Topical term or geographic name as entry element Creative thinking.
Source of heading or term fast
650 #2 - SUBJECT ADDED ENTRY--TOPICAL TERM
Topical term or geographic name as entry element Psychology.
650 #2 - SUBJECT ADDED ENTRY--TOPICAL TERM
Topical term or geographic name as entry element Psychology, Child.
655 #7 - INDEX TERM--GENRE/FORM
Genre/form data or focus term Periodicals.
Source of term fast
710 2# - ADDED ENTRY--CORPORATE NAME
Corporate name or jurisdiction name as entry element National Association for Creative Children and Adults (U.S.)
776 08 - ADDITIONAL PHYSICAL FORM ENTRY
Display text Online version:
Title Creative child and adult quarterly
Record control number (OCoLC)988072803
780 00 - PRECEDING ENTRY
Title Creative child and adult
International Standard Serial Number 0098-7565
Record control number (DLC)sc 78000202
-- (OCoLC)1591648
942 ## - ADDED ENTRY ELEMENTS (KOHA)
Source of classification or shelving scheme Library of Congress Classification
Koha issues (borrowed), all copies 1
Holdings
Withdrawn status Lost status Source of classification or shelving scheme Damaged status Not for loan Home library Current library Date acquired Serial Enumeration / chronology Inventory number Total Checkouts Full call number Barcode Date last seen Price effective from Koha item type Date last borrowed
    Library of Congress Classification     BSOP Library BSOP Library 09/04/2018 Vol V, No. 3 - Vol.VI No. 1-2, Vol. VII, No.4 1980-1982 39142   370.11/8/05 00049142 09/04/2018 09/04/2018 Continuing Resources  
    Library of Congress Classification     BSOP Library BSOP Library 09/04/2018 Vol.I No.I,Vol.II No.3,Vol.III No.1,Vol.V No.I 1976-1978,1980 39141 1   00049141 09/04/2018 09/04/2018 Continuing Resources 09/04/2018
BSOP

Biblical Seminary of the Philippines
  All rights Reserved
  © 2024

CONTACT INFORMATION

Biblical Seminary of the Philippines,
  77-B Karuhatan Road, Valenzuela City,
  PHILIPPINES 1441
  Phone: +632 8292-6795 / 8292-6798
  Fax : +632 8292-6675
  Email: library@bsop.edu.ph